[Event "Western Pacific op 8th"]
[Site "Los Angeles"]
[Date "2010.04.24"]
[Round "2"]
[White "Sevillano, Enrico"]
[Black "Anderson, Douglas D"]
[Result "1-0"]
[WhiteElo "2513"]
[BlackElo "2232"]
[PlyCount "73"]
[EventDate "2010.04.23"]
[EventType "swiss"]
[EventRounds "5"]
[EventCountry "USA"]
[SourceTitle "EXT 2014"]
[Source "ChessBase"]
[SourceDate "2013.11.20"]
[SourceVersion "1"]
[SourceVersionDate "2013.11.20"]
[SourceQuality "1"]

1. e4 e6 2. d4 d5 3. e5 c5 4. c3 Nc6 5. Nf3 Qb6 6. a3 Nh6 7. b4 cxd4 8. cxd4 Nf5 9. Bb2 Bd7 10. Be2 f6 11. 0-0 Be7 12. Bd3 Nh6 13. exf6 gxf6 14. Nc3 0-0 15. Na4 Qd8 16. Nc5 Bxc5 17. bxc5 Be8 18. Bc1 Kg7 19. Re1 Qd7 20. Qe2 Bh5 21. Qxe6 Qxe6 22. Rxe6 Bxf3 23. gxf3 Rae8 24. Rxe8 Rxe8 25. Be3 Nf7 26. Rb1 Re7 27. f4 Nfd8 28. f5 Nf7 29. Kg2 Rd7 30. h4 Nh6 31. Kf3 Nf7 32. Ke2 Nfd8 33. Kd2 Kg8 34. Kc3 Rg7 35. Be2 Ne7 36. Bf3 Kf7 37. Bh6 1-0